000 00264nam a2200109Ia 4500
008 190216s9999||||xx |||||||||||||| ||und||
100 _aMenon M S
245 0 _aKavitha Kavithrayathinu Sesham
260 _bCurrent Books
650 _aEssay Malayalam
942 _cBK
999 _c23623
_d23623